00634nam a22001457a 4500003000400000005001700004008004100021040001400062100007400076245015800150260001000308300003200318500011100350504002700461OSt20171010095439.0120606t xxu||||| |||| 00| 0 eng d aMMSUcULS aBallesteros, Jay-Arr L, Tumbaga, Lanie I., Malaqui, Joy Stephanie D.  aA Proposed E-library system for Mariano Marcos State University main library (books) cJay-Arr L. Ballesteros, Lanie I. Tumbaga, Joy Stephanie D. Malaqui c2007  axii, [132] leaves c28 cm.  aThesis (BS Computer Science) -- Mariano Marcos State University-College of Arts and Sciences, Batac City  aBibliography: leaf 46